Geography a modern Synthesis/ (Registro nro. 9301)

Detalles MARC
000 -LEADER
fixed length control field 00666nam a2200205Ia 4500
005 - FECHA Y HORA DE LA ÚLTIMA TRANSACCIÓN
control field 20230913164138.0
008 - FIXED-LENGTH DATA ELEMENTS--GENERAL INFORMATION
fixed length control field 230912s9999 xx 000 0 und d
020 ## - INTERNATIONAL STANDARD BOOK NUMBER
International Standard Book Number 60425768
040 ## - CATALOGING SOURCE
Original cataloging agency UPAN
Transcribing agency Biblioteca San Vicente
Description conventions RCAA2
041 ## - LANGUAGE CODE
Language code of text/sound track or separate title eng
082 ## - DEWEY DECIMAL CLASSIFICATION NUMBER
Classification number 910
Item number H145g
año de publicación 1975
100 ## - MAIN ENTRY--PERSONAL NAME
Personal name Haggett, Peter
Relator code aut.
245 #0 - TITLE STATEMENT
Title Geography a modern Synthesis/
Remainder of title Peter Haggett
250 ## - EDITION STATEMENT
Edition statement 2° ed.
260 ## - PUBLICATION, DISTRIBUTION, ETC. (IMPRINT)
Place of publication, distribution, etc s.l.:
Name of publisher, distributor, etc Happer,
Date of publication, distribution, etc 1975
300 ## - PHYSICAL DESCRIPTION
Extent 620 p.;
Dimensions 24 cm.
505 ## - FORMATTED CONTENTS NOTE
Formatted contents note 1. The environmental challenge<br/>2. Man`s ecological response<br/>3. Regional mosaics<br/>4. Regional hierarchies <br/>5. Interregional stresses
650 ## - SUBJECT ADDED ENTRY--TOPICAL TERM
Source of heading or term LEMB
General subdivision Geografía
942 ## - ADDED ENTRY ELEMENTS (KOHA)
Koha item type Libros
Source of classification or shelving scheme Dewey Decimal Classification
Existencias
Withdrawn status Lost status Source of classification or shelving scheme Damaged status Not for loan Collection code Home library Current library Date acquired Total Checkouts Full call number Barcode Date last seen Copy number Price effective from Koha item type
    Dewey Decimal Classification     Colección General Biblioteca UPAN San Vicente Biblioteca UPAN San Vicente 12/09/2023   910 H145g 12001899 12/09/2023 01 12/09/2023 Libros